The Fourth dimension of warfare /

Bibliographic Details
Other Authors: Elliott-Bateman, Michael (Editor)
Format: Book
Language:English
Published: Manchester : Manchester U.P., 1970-74.
Subjects:

MARC

Tag First Indicator Second Indicator Subfields
LEADER 00000cam a2200000 4500
001 in00000472021
005 20151013051054.0
008 710610m19701974enk b 001 0 eng
010 |a  75564990  
015 |a B70-18642 (v. 1) 
020 |a 0719003547(v.1) 
020 |a 9780719003547(v.1) 
035 |a (OCoLC)ocm00144761 
035 |a (OCoLC)00144761 
035 |9 ACA8283AM 
035 |a (OCoLC)144761 
040 |a DLC  |c DLC  |d UKM  |d BTCTA  |d LVB  |d NYP  |d UtOrBLW 
049 |a TXAM 
050 0 0 |a U21.2  |b .F682 
082 0 0 |a 355.02/184 
245 0 4 |a The Fourth dimension of warfare /  |c edited by Michael Elliott-Bateman. 
264 1 |a Manchester :  |b Manchester U.P.,  |c 1970-74. 
300 |a 2 volumes ;  |c 21 cm. 
336 |a text  |b txt  |2 rdacontent 
337 |a unmediated  |b n  |2 rdamedia 
338 |a volume  |b nc  |2 rdacarrier 
500 |a Volume 2 published by Manchester University Press, Manchester, Eng. and Rowman and Littlefield, Totowa, N.J. 
504 |a Includes bibliographical references. 
505 0 |a v. 1. Intelligence, subversion, resistance -- v. 2. Revolt to revolution; studies in the 19th and 20th century European experience. 
650 0 |a War. 
650 0 |a Violence. 
650 0 |a Revolutions. 
650 6 |a Révolutions. 
650 6 |a Guérilla. 
700 1 |a Elliott-Bateman, Michael,  |e editor. 
994 |a C0  |b TXA 
999 |a MARS 
999 f f |s c5fd710a-8f95-3ce1-8875-b8fa2f63ab52  |i 0f09f6ba-993a-39c3-8972-354d5926c6dd  |t 0 
952 f f |p normal  |a Texas A&M University  |b College Station  |c Sterling C. Evans Library  |s Evans stk  |d Evans: Library Stacks  |t 0  |e U21.2 .F682  |h Library of Congress classification  |i unmediated -- volume  |k v.1  |m A14839650897 
952 f f |p normal  |a Texas A&M University  |b College Station  |c Sterling C. Evans Library  |s Evans stk  |d Evans: Library Stacks  |t 0  |e U21.2 .F682  |h Library of Congress classification  |i unmediated -- volume  |k v.2  |m A14805687838 
998 f f |a U21.2 .F682  |s v.1-2  |t 0  |l Evans: Library Stacks